QCM Football - Joueur français - Statistiques

Statistiques générales
  • Ce quiz a été pris 60 fois
  • Le résultat moyen est 6 sur 10
Statistiques - réponses
Question Réponse % Correct
Lequel de ces joueurs français n'a pas joué à Arsenal ? Florent Malouda
86%
Quel adversaire la France a t'elle rencontré en 1998 et en 2018 ? Croatie
84%
Quel équipe n'a jamais atteint de finale européenne ?(LDC, Europa league...) Olympique lyonnais
73%
Dans quel stade le foot a connu un drame terrible le 5/05/1992 ? Stade de Furiani
73%
Lequel de ces joueurs n'a pas de ligue des champions ? Lilian Thuram
57%
Lequel de ces joueurs a le moins de sélection en EDF ? Michel Platini
55%
Contre laquelle de ces équipes Marseille à perdue une finale de ligue Europa ? Parme
51%
Contre quel équipe la France a t'elle gagné l'euro 1984 ? Espagne
41%
Qui marque le penalty décisif contre le Brésil en 1986 ? Qualifiant la France en demi finale Luis Fernandez
37%
Lequel de ces joueurs n'a pas marqué lors de la séance de tir au but contre l'Italie en 2006 ? Claude Makelele
29%
Aucun quiz correspondant
Distribution des résultats
% des personnes avec chaque résultat
Percentile par nombre de réponses
Votre historique - résultats
Vous n’avez pas pris ce quiz